01254cam a22003854i 4500003000900000005001700009008004100026020001500067020001800082035002000100040003300120082002000153245011200173264009000285300006000375336002100435337002500456338002300481490003900504504004000543505013600583526001000719526001000729526001000739526001000749526000800759526000800767526000800775526000800783526000800791526000800799526000800807650002500815650002800840PE-LiUPU20250731173030.0150706s2015 miua rb 000 0 eng d a0996030522 a9780996030526 a(Sirsi) a238328 aPE-LiUPUbspacPE-LiUPUerda04a286.709bC522000aChurch and society :bmissiological challenges for the Seventh-Day Adventist Church /cRudi Maier [editor]. 1aBerrien Springs, Michigan :bDepartament of World Mission, Andrews University,c2015. axi, 800 páginas :bilustraciones ;c26 centímetros. atext2rdacontent aunmediated2rdamedia avolume2rdacarrier0 aAndrews University mission studies aBibliografía : páginas 681-780.0 aLifestyle and health issues -- Development issues -- Human rigths issues -- Religion and oublic life -- Family and domestic issues. aSEG42 aSEG41 aSEG40 aSEG39 aP94 aP87 aP86 aP85 aP77 aP76 aP3504aIglesia en el mundo.04aMisión de la iglesia.